000 01150nam a2200289 a 4500
001 ebr10558874
003 CaPaEBR
006 m u
007 cr cn|||||||||
008 120521s2012 ts a sb 001 0 eng d
020 _z9781608052417 (e-book)
040 _aCaPaEBR
_cCaPaEBR
035 _a(OCoLC)797823534
050 1 4 _aTA418.9.N35
_bS63 2012eb
245 0 0 _aSmart nanomaterials for sensor application
_h[electronic resource] /
_cedited by Songjun Li, Yi Ge, He Li.
260 _aDubai, United Arab Emirates :
_bBentham eBooks,
_c[2012]
300 _aix, 178 p. :
_bill. (some col.)
504 _aIncludes bibliographical references and index.
533 _aElectronic reproduction.
_bPalo Alto, Calif. :
_cebrary,
_d2011.
_nAvailable via World Wide Web.
_nAccess may be limited to ebrary affiliated libraries.
650 0 _aNanostructured materials.
655 7 _aElectronic books.
_2local
700 1 _aLi, Songjun.
700 1 _aGe, Yi.
700 1 _aLi, He.
710 2 _aebrary, Inc.
856 4 0 _uhttp://site.ebrary.com/lib/rucke/Doc?id=10558874
_zAn electronic book accessible through the World Wide Web; click to view
999 _c190947
_d190947